Les Îles dans l'Histoire - Statistiques

Statistiques générales
  • Ce quiz a été pris 15 802 fois
  • Le résultat moyen est 12 sur 20
Statistiques - réponses
Indice Réponse % Correct
Dirigée par Fidel Castro pendant plus de 50 ans Cuba
99%
Avant les années 1500, il était possible d'aller à pied de cette île jusqu'en Inde Sri Lanka
79%
Ses habitants ont construits d'immenses statues connues sous le nom de 'moai' Île de Pâques
78%
La Turquie a envahi cette île en 1974 et contrôle aujourd'hui environ 40% de ses terres Chypre
76%
Île méditerranéenne dirigée par les Chevaliers-Hospitaliers de 1530 à 1798 Malte
73%
Île isolée au milieu de l'Atlantique où Napoléon est mort en 1821 Saint Hélène
72%
Frappée par une crise de la patate dans les années 1840 Irlande
71%
Le colosse de cette île était une représentation du dieu Hélios haute de plus de 33 mètres Rhodes
70%
Ile-prison "dont on ne peut s'échapper" où Al Capone a passé une partie de son temps Alcatraz
65%
Île où Chiang Kai-shek et son armée ont fui en 1949 Taiwan
65%
Île où la religion rastafarienne a commencé dans les années 1930 Jamaïque
63%
Île d'où est originaire le syndicat du crime "Cosa Nostra" Sicile
62%
Auparavant connue sous le nom de "La Terre de Van Diemen", elle a rejoint l'Australie en 1901 Tasmanie
61%
Cette île a été séparée en deux par le mur d'Hadrien au deuxième siècle après JC Grande Bretagne
60%
Berceau de la civilisation Minoenne Crète
53%
La moitié ouest de cette île était gouvernée par "Papa Doc" et "Baby Doc" Duvalier Hispaniola
39%
Île d'où est originaire l'Althing, le plus vieux Parlement au monde Islande
35%
En 1819, Stamford Raffles établit une colonie britannique sur ce site stratégique à proximité
du détroit de Malacca
Singapour
31%
Les colons néerlandais ont acheté cette île aux Amérindiens pour des marchandises
valant 60 florins (environ 1000 $ d'aujourd'hui)
Manhattan
19%
Une interdiction des armes a contribué au développement du karaté sur cette île Okinawa
14%
Aucun quiz correspondant
Distribution des résultats
% des personnes avec chaque résultat
Percentile par nombre de réponses
Votre historique - résultats
Vous n’avez pas pris ce quiz